| 000 | 00521nam a22001937a 4500 | ||
|---|---|---|---|
| 003 | OSt | ||
| 005 | 20160902135604.0 | ||
| 008 | 160902b xxu||||| |||| 00| 0 eng d | ||
| 020 | _a0750667850 | ||
| 040 | _cDDC. | ||
| 082 | _a389.63HOY 2006. | ||
| 100 |
_aHoyle,David; _910990 |
||
| 245 | _aISO 9000 Quality Systems handbook. | ||
| 260 |
_aBoston. _bButterworth Heinemann, _c2006. |
||
| 300 |
_axii,686p; _bill; _c25cm. |
||
| 504 | _aBibliography and index. | ||
| 650 |
_aQuality Systems. _910991 |
||
| 942 |
_2ddc _cO_SHELF |
||
| 999 |
_c5146 _d5146 |
||